000 01108nam0a2200301 4500
001 RU\NLR\bibl\889427
005 20260409072321.0
010 _a5-89144-292-2
_910000
021 _aRU
_b2005-74808
_93689
021 _aRU
_b2011-84870
_96042
035 _a(NLR Aleph) 000877940
090 _a1640648
_c1640648
100 _a20051216d2005 |||y0rusy50 ca
101 0 _arus
102 _aRU
105 _aa |||||||||
200 1 _aЯ узнаю мир
_eрабочая тетрадь для детей 3-4 лет
_fО.В. Дыбина
210 _aМосква
_cТворческий Центр Сфера
_d2005
215 _a32 с.
_cил.
_d21
606 _aДошкольники
_jРабочие тетради
_xОзнакомление с окружающей жизнью
_91593269
_3RU\NLR\auth\66999152
686 _aЧ411.38я7
686 _aЧ491.71я7
700 1 _4070
_7ca
_8rus
_aДыбина
_bО. В.
_f1956-
_gОльга Витальевна
_9121833
_3RU\NLR\AUTH\7712102
801 0 _aRU
_bNLR
_c20051216
_grcr
801 1 _aRU
_bNLR
_c20051216
942 _cBOOK
980 _aNB